Յուսաբեր : (Record no. 350717)
[ view plain ]
| 000 -LEADER | |
|---|---|
| fixed length control field | 00818nas a2200265 a 4500 |
| 003 - CONTROL NUMBER IDENTIFIER | |
| control field | AM-YeHGA |
| 040 ## - CATALOGING SOURCE | |
| Original cataloging agency | AM-YeHGA |
| 090 ## - LOCALLY ASSIGNED LC-TYPE CALL NUMBER (OCLC); LOCAL CALL NUMBER (RLIN) | |
| -- | 352529 |
| 001 - CONTROL NUMBER | |
| control field | 001084426 |
| 005 - DATE AND TIME OF LATEST TRANSACTION | |
| control field | 20250618074415.0 |
| 008 - FIXED-LENGTH DATA ELEMENTS--GENERAL INFORMATION | |
| fixed length control field | 150605c 9999|||mrzp 0 0arm d |
| 041 0# - LANGUAGE CODE | |
| Language code of text/sound track or separate title | arm |
| 222 #0 - KEY TITLE | |
| Key title | Յուսաբեր |
| 245 00 - TITLE STATEMENT | |
| Title | Յուսաբեր : |
| Remainder of title | Գրական, գեղարուեստական եւ գիտական բաժին. |
| 246 31 - VARYING FORM OF TITLE | |
| Title proper/short title | Houssaper |
| 260 ## - PUBLICATION, DISTRIBUTION, ETC. | |
| Place of publication, distribution, etc. | Կահիրե. |
| 300 ## - PHYSICAL DESCRIPTION | |
| Extent | համար. |
| 310 ## - CURRENT PUBLICATION FREQUENCY | |
| Current publication frequency | Ամսեկան |
| 362 0# - DATES OF PUBLICATION AND/OR SEQUENTIAL DESIGNATION | |
| Dates of publication and/or sequential designation | 1944- |
| 650 04 - SUBJECT ADDED ENTRY--TOPICAL TERM | |
| Topical term or geographic name entry element | Ամսագիր |
| 650 14 - SUBJECT ADDED ENTRY--TOPICAL TERM | |
| Topical term or geographic name entry element | Գրականություն |
| Form subdivision | Պարբերականներ |
| 9 (RLIN) | 8507 |
| 650 14 - SUBJECT ADDED ENTRY--TOPICAL TERM | |
| Topical term or geographic name entry element | Գիտություն |
| Form subdivision | Պարբերականներ |
| 650 14 - SUBJECT ADDED ENTRY--TOPICAL TERM | |
| Topical term or geographic name entry element | Սփյուռքահայ գաղթօջախներ |
| Form subdivision | Պարբերականներ |
| 942 ## - ADDED ENTRY ELEMENTS (KOHA) | |
| Source of classification or shelving scheme | Universal Decimal Classification |
| Koha item type | Շարունակական պաշար / Continuing Resource |
| Withdrawn status | Lost status | Source of classification or shelving scheme | Damaged status | Not for loan | Collection | Home library | Current library | Date acquired | Serial enumeration / chronology | Total checkouts | Full call number | Barcode | Date last seen | Price effective from | Koha item type | Public note |
|---|---|---|---|---|---|---|---|---|---|---|---|---|---|---|---|---|
| Universal Decimal Classification | Pogharian Individual Collection | Fundamental Scientific Library | Fundamental Scientific Library | 11/01/2017 | Դ տարի, 1948, № 6 | Պող/2033 | FL0339443 | 11/01/2017 | 11/01/2017 | Շարունակական պաշար / Continuing Resource | ILL Non-Circ. | |||||
| Universal Decimal Classification | Alpoiajian Individual Collection | Fundamental Scientific Library | Fundamental Scientific Library | 31/07/2019 | 1946 | Ալպ/4293 | FL0594780 | 31/07/2019 | 31/07/2019 | Շարունակական պաշար / Continuing Resource | ILL Non-Circ | |||||
| Universal Decimal Classification | Alpoiajian Individual Collection | Fundamental Scientific Library | Fundamental Scientific Library | 31/07/2019 | 1953 | Ալպ/4295 | FL0594782 | 31/07/2019 | 31/07/2019 | Շարունակական պաշար / Continuing Resource | ILL Non-Circ | |||||
| Universal Decimal Classification | Alpoiajian Individual Collection | Fundamental Scientific Library | Fundamental Scientific Library | 31/07/2019 | 1947 | Ալպ/4294 | FL0594783 | 31/07/2019 | 31/07/2019 | Շարունակական պաշար / Continuing Resource | ILL Non-Circ |
ՀՀ Գիտությունների ազգային ակադեմիայի հիմնարար գիտական գրադարան = Fundamental Scientific Library of NAS RA
All site content, except where otherwise noted, is licensed under a